[Event "45th Olympiad Budapest 2024"]
[Site "Budapest"]
[Date "2024.09.20"]
[Round "9.4"]
[White "Bengherabi, Khalil"]
[Black "Goh, Wei Ming Kevin"]
[Result "1/2-1/2"]
[WhiteElo "2076"]
[BlackElo "2449"]
[PlyCount "118"]
[EventDate "2024.09.11"]
[EventType "team"]
[EventRounds "11"]
[EventCountry "HUN"]
[WhiteTeam "Algeria"]
[BlackTeam "Singapore"]
[WhiteTeamCountry "ALG"]
[BlackTeamCountry "SIN"]

1. e4 {Sumets,Andrey} e6 2. d4 d5 3. Nd2 Be7 4. Bd3 c5 5. dxc5 Nf6 6. Qe2 a5 7. Ngf3 O-O 8. O-O Na6 9. e5 ({RR} 9. exd5 exd5 10. Re1 Re8 11. Nb3 Nxc5 12. Bb5 Bd7 13. Be3 a4 14. Bxd7 Qxd7 15. Bxc5 Bxc5 ({RR} 15... axb3 16. Bxe7 Rxa2 17. Rac1 Ra4 18. Qe5 Re4 19. Bxf6 Rxe1+ 20. Nxe1 Rxe5 21. Bxe5 f6 22. Bc3 ({RR} 22. Bd4) 22... d4) 16. Nxc5 Qc6 17. Qd3 Qxc5) 9... Nd7 10. c3 ({RR} 10. c4 Naxc5 11. Bc2 b6 12. b3 ({RR} 12. Nd4 Qc7 ({RR} 12... Bb7 13. f4 dxc4 14. Nxc4 Nxe5 15. fxe5 Qxd4+ 16. Be3 Qd8 17. Qg4) 13. Re1 Bb7 14. Nb5 Qc6 15. Nd4 Qc7 16. Nb5 Qc6 17. Nd4) 12... Bb7 13. Bb2 Qc7 14. Rfe1 Rfd8 15. Nd4 Nf8 16. Qg4 Ng6 17. N2f3 dxc4 18. bxc4 Rac8 19. Re3 Bxf3 20. Nxf3 Nd7 21. Bb3 Nc5) ({RR} 10. Nd4 Ndxc5 11. f4 Nb4 ({RR} 11... Qb6 12. N2f3 Bd7 13. Kh1 Rac8 14. a3 Nxd3 15. cxd3 Nc5 16. Be3 Bb5 17. Rad1 Bxd3 18. Rxd3 Nxd3 19. Nf5 ({RR} 19. Qxd3 Qxb2 20. Rb1 Qxa3 21. Qxa3 Bxa3) 19... Bc5 20. Ne7+ Kh8 21. Ng5 Bxe3 22. Qxd3 g6 23. Nxc8 Rxc8 24. Nxf7+ Kg7) 12. N2f3 Nbxd3 13. cxd3 Qb6 ({RR} 13... Qd7 14. Be3 b6 15. Rad1 Ba6 16. Ne1 f6) 14. Be3 Qa6 15. Rad1 Bd7 16. g4 Rac8 17. Kh1 f6 18. f5 exf5 19. gxf5 fxe5 20. Nxe5) 10... Naxc5 11. Bc2 ({RR} 11. Bb5 f6 12. Nb3 Nxe5 13. Nxe5 fxe5 14. Qxe5 Ne4 15. a4 Bd6 16. Qh5 e5 17. Qe2 Qh4 ({RR} 17... Be6 18. Be3 Qc7) 18. f3 Nf6 19. Qf2 Qh5 20. Qg3 Be6 ({RR} 20... Bd7 21. Bxd7 Nxd7 22. Be3 Rf6) 21. Be3 Bc7 22. Nc5 Bc8 23. Nd3 Rf7 24. Qg5 Qxg5 25. Bxg5 Bf5) 11... b5 12. Nd4 Qc7 13. f4 ({RR} 13. Re1 b4 ({RR} 13... Ba6 14. Qe3 Rfb8 15. f4 ({RR} 15. Qh3 Nf8 16. N2f3 b4) 15... g6 16. N2f3 Rb6 17. g4 ({RR} 17. Bd2 b4 18. Rac1 Rc8 19. cxb4 axb4 20. a3 b3 ({RR} 20... bxa3 21. b4) 21. Bd1) 17... Ne4 18. Bxe4 dxe4 19. Qxe4 Bb7) 14. Qe3 ({RR} 14. cxb4 axb4 15. Qe3 f5 16. exf6 Nxf6 17. h3 Bd7 18. N2b3 Nce4 19. Bxe4 ({RR} 19. f3 e5 20. fxe4 exd4 21. Nxd4 Bc5 22. e5 Rae8 23. Bb3 Kh8) 19... Nxe4 20. f3 Ng5 21. Qe5 Qxe5 22. Rxe5 Nf7 23. Re1 e5) ({RR} 14. c4 Ba6 15. b3 Rfc8 ({RR} 15... dxc4 16. Nxc4 Nb6 17. Qg4 Nxc4 18. Bh6 ({RR} 18. bxc4 Rfd8 19. Nb5 Qb6 20. Bh6 g6) 18... g6 19. Bxf8 Nxe5 20. Rxe5 Bxf8) 16. Bb2 Nb6 ({RR} 16... a4 17. N4f3 h6 18. Bd4 Nb6) 17. Nb5 Bxb5 18. cxb5 Nca4 19. Rac1 Nc3 20. Qe3 Nd7 ({RR} 20... a4 21. bxa4 Qb7 22. Qd3 g6 23. Bb3 Nbxa4) 21. a4) 14... bxc3 ({RR} 14... f5 15. exf6 Nxf6 16. c4 ({RR} 16. h3 Bd7 17. c4) 16... Bd6 ({RR} 16... Ng4 17. Qh3 Nh6 ({RR} 17... Nf6 18. b3 Bd8 ({RR} 18... e5 19. Qg3) 19. Nb5 Qb6 20. Bb2 e5 21. Qg3) 18. Qh5 ({RR} 18. N2f3 Rf6 ({RR} 18... e5 19. Qg3 Nf7 20. Nxe5 Bd6 21. Nb5) 19. cxd5 exd5 20. Qh5 Bb7 21. Bg5 Rf7 22. Bxh6) 18... dxc4 19. Nxc4 Nf5 20. Nxf5 exf5 21. Nb6 Qxb6 22. Rxe7) 17. h3 Ba6 18. Nb5 ({RR} 18. Nxe6 Nxe6 19. Qxe6+ Kh8 20. Ba4 dxc4) 18... Bxb5 19. cxb5 Bh2+ 20. Kh1 Bf4 21. Qe2 Rac8) 15. bxc3 Ba6 16. Ba3 Rfe8 ({RR} 16... Rfc8 17. h4 ({RR} 17. f4 g6 18. Qh3 Nb6 19. f5 exf5 20. Nxf5 Bf8 ({RR} 20... gxf5 21. Bxf5 Kf8 22. Qxh7 Bg5 23. Nf3 Bf4 24. Bxc8 Rxc8 25. Qh8+ Ke7 26. Qh4+) 21. Nh6+ Bxh6 22. Qxh6 Bd3) 17... Rab8 18. h5 h6 19. f4 Nb6 ({RR} 19... Rb6 20. Qh3 Bf8 21. Re3 Nd3 22. Bxd3 ({RR} 22. Bxf8 Qxc3 23. N2b3 Rxb3 24. Nxb3 Qxc2 25. Bd6 a4) 22... Bxa3 23. Bxa6 Rxa6 24. f5 Bc5) 20. Qh3 Nc4 21. Nxc4 Bxc4 22. f5 Ne4 23. Bxe7 Qxe7 24. fxe6 fxe6 25. Qxe6+ Qxe6 26. Nxe6 Nxc3) 17. h4 Rac8 18. Rab1 h6 19. h5 f6 ({RR} 19... Nxe5 20. Qxe5 Bd6 21. Nxe6 fxe6 22. Qe3 Bh2+ 23. Kh1 Bf4 24. Qd4 Bd3 ({RR} 24... Rf8 25. Nb3 Qe7 26. g3 Bd6 27. Bg6 Nxb3 28. Bxd6 Qxd6 29. axb3 Qc6) 25. Bxd3 Bxd2 26. Bg6 Bxe1 27. Bxe8 Ne4 28. Rxe1 Rxe8 29. c4 Qf7 30. Kg1 Qxh5 31. cxd5 exd5 32. Bb2) ({RR} 19... Ne4 20. Bxe7 Nxd2 21. Qxd2 Rxe7 22. Qf4 f6 ({RR} 22... Qxc3 23. Rec1 Qa3 24. Rb3 Qc5 25. Bh7+ Kxh7 26. Rxc5 Nxc5 27. Rb6) 23. exf6 Qxf4 24. fxe7 e5 ({RR} 24... Ne5 25. g3 Qf6 26. Rb6 Bc4 27. Kg2 Kf7 ({RR} 27... Ng4 28. Rbxe6 Qxf2+ 29. Kh3 Nf6 30. e8=Q+ Nxe8 31. Rxe8+ Rxe8 32. Rxe8+ Kf7 33. Bg6+ Kf6 34. Rf8+) 28. f4 Nd3 29. Rexe6 Ne1+ 30. Rxe1 Qxb6 31. Bg6+ Kf6 32. g4 Qa6 33. e8=Q Bf1+ 34. Kf2 Rxe8 35. Rxe8) ({RR} 24... Nf6 25. Rxe6 Bc4 26. Bg6 Ne8 27. Re3 Qd6 28. Rbe1 Kh8 29. Rf3 Nc7 30. e8=Q+ Nxe8 31. Bxe8 Bxa2 32. Bg6 a4 33. Rfe3 Rf8 34. Re8) ({RR} 24... Re8 25. Rxe6 Bc8 26. Bg6 Nf6 27. g3 Qg5 28. Rxf6 Qxf6 29. Bxe8 Qxe7 30. Bg6) 25. Bf5 Nf6 26. Be6+ ({RR} 26. Bxc8 Bxc8 27. Rb8 Qg4 28. f3 Qd7 29. Rxe5 Ne8 30. Rb5 Qc7 31. Rbxd5 Qxc3 32. Rd8 Kf7) 26... Kh7 27. Bf5+ Kg8 28. Be6+) 20. exf6 Bxf6 21. Qh3 Nf8 ({RR} 21... Qf4 22. N2f3 e5 23. g3) ({RR} 21... e5 22. Qf5 exd4 23. Qh7+ Kf8 24. Qh8+ Kf7 25. Bg6#) ({RR} 21... Be5 22. Bg6) 22. Rbc1 ({RR} 22. Rbd1 Kh8 ({RR} 22... e5 23. Nf5 Bb7 24. c4 d4 25. Qg3 Kh8 26. Nb3) ({RR} 22... Qf7 23. Re3 Kh8 24. N2f3 e5 25. Nf5 Qd7 26. Qg3) 23. N2b3 Nxb3 24. Bxb3 Qxc3 25. Qxc3 Rxc3 26. Bxf8 Bxd4 27. Bd6 Rxb3 28. axb3 Bc3 29. Re3 d4 30. Re5) 22... Bg5 23. N4f3 ({RR} 23. Rcd1 e5 24. Nf5 Nfe6 25. Nf3 e4 ({RR} 25... Nf4 26. Qg3 Nxh5 27. Qh2 Nf6 28. Rxe5 Rxe5 29. Qxe5 Qxe5 30. Nxe5 Rc7 31. Bxc5 Rxc5 32. Ne7+ Kf8 33. N7g6+ Ke8 34. f4) 26. Nxg5 Nxg5 27. Qg4 Bc4 28. Bc1 Nce6 29. Ba4 Red8 30. f4 exf3 31. gxf3) 23... Bf6 24. Nd4 Bg5 25. N4f3 Bf4 26. g3 ({RR} 26. Qg4 Nd3 27. Bxd3 Bxd3 28. Bxf8 Bf5 29. Qxg7+ Qxg7 30. Bxg7 Kxg7 31. g3 Bd6) ({RR} 26. Bxc5 Qxc5 27. Qg4 Qc7 28. g3 Bd6 29. Nd4 Qd7 ({RR} 29... Ba3 30. Rcd1 Qxc3 31. Nb1 Qb2 32. Nxa3 Qxa3 33. Nxe6 Qe7 34. Bb3) 30. Re3) 26... Bd6 27. Qg4 Ncd7 {Kasimdzhanov,R (2709)-Kamsky,G (2741) Zug 2013 CBM 154 [Sumets,Andrey] 1-0 (49)}) 13... b4 14. Rf3 ({RR} 14. c4 Bb7 15. b3 a4 16. Bb2 Qb6 17. Rab1 ({RR} 17. cxd5 Bxd5 ({RR} 17... exd5 18. Nf5 ({RR} 18. Qf2 a3 19. Bc1 Ba6 20. Re1 Bd3) 18... Ne6+ ({RR} 18... Rfe8 19. Bd4) 19. Kh1 Qd8 20. Rad1) 18. Nc4 Qa6 19. f5 Bxc4 ({RR} 19... Bg5 20. f6 Bxc4 21. bxc4 g6 22. Nb5) 20. bxc4 a3 21. Bc1 Nxe5 22. fxe6 ({RR} 22. Qxe5 Bf6 23. Qxc5 ({RR} 23. Qe3 Qxc4 24. Nb3 Qxc2) 23... Rfc8) 22... f6 23. Bf4 Qxc4 24. Qxc4 Nxc4 25. Rab1) 17... axb3 18. axb3 Ra2 19. Kh1 f5 20. exf6 Bxf6) 14... f5 $146 ({RR} 14... g6 15. Rg3 Kh8 16. a4 Qb6 17. Qe3 f5 18. exf6 Nxf6 19. Kh1 Bd6 20. Rf3 Nce4 21. Nxe4 dxe4 22. Rf1 Ng4 23. Qxe4 Ba6 24. Nb5 Bc5 25. cxb4 axb4 26. b3 Bxb5 27. Bb2+ e5 28. Bxe5+ Nxe5 29. Qxe5+ {Coenen,N (2316)-Schmidt,B (2379) Germany 2014 1-0 (33)}) 15. Rh3 Rf7 16. g4 Nf8 17. gxf5 exf5 18. Qg2 Ne4 19. Bb3 Qd8 20. Nxe4 fxe4 21. f5 Bxf5 22. Nxf5 Rxf5 23. Qxe4 Qb6+ 24. Be3 Qg6+ 25. Qg2 Qxg2+ 26. Kxg2 Rxe5 27. Rd1 Rd8 28. Bb6 Rd7 29. Re3 Rg5+ 30. Rg3 Ne6 31. Rxg5 Bxg5 32. Bxa5 bxc3 33. bxc3 Kf8 34. c4 d4 35. Rf1+ Nf4+ 36. Kg3 Rf7 37. c5 Rf6 38. Bb4 Bh4+ 39. Kg4 g5 40. c6+ Ke8 41. Ba4 Kf7 42. Rxf4 Rxf4+ 43. Kh3 Rf1 44. Bd2 Ke6 45. c7 Rf8 46. Bb5 Rc8 47. Ba5 Kd6 48. Ba6 Rxc7 49. Bxc7+ Kxc7 50. Kg4 Kb6 51. Bd3 Ka5 52. Bxh7 Kb4 53. Kf3 Be1 54. Ke2 Bc3 55. h3 Kc5 56. Kd3 Kb4 57. Bg6 Ka3 58. Bf7 Kb4 59. Bg8 Ka3 1/2-1/2

[Event "45th Olympiad Budapest 2024"]
[Site "Budapest"]
[Date "2024.09.20"]
[Round "9.1"]
[White "Galaviz Medina, Sion Radamantys"]
[Black "Camacho Collados, Jose"]
[Result "1-0"]
[WhiteElo "2488"]
[BlackElo "2352"]
[PlyCount "97"]
[EventDate "2024.09.11"]
[EventType "team"]
[EventRounds "11"]
[EventCountry "HUN"]
[WhiteTeam "Mexico"]
[BlackTeam "Wales"]
[WhiteTeamCountry "MEX"]
[BlackTeamCountry "WLS"]

1. d4 d5 2. c4 e6 3. Nc3 a6 4. cxd5 exd5 5. Nf3 c6 6. Qb3 Nf6 7. Bg5 Be7 8. e3 O-O 9. Bd3 Nbd7 10. O-O Ne8 ({RR} 10... Re8 11. Rae1 Nf8 12. Bxf6 Bxf6 13. e4 dxe4 14. Nxe4 Ne6 15. Nxf6+ Qxf6 16. Re5 Rf8 17. Rfe1 g6 18. Qb4 a5 19. Qa3 Bd7 20. Bc4 Kg7 21. h3 b5 22. Bf1 Rfd8 23. R1e4 Be8 24. Qe3 Rd6 25. h4 {Eljanov,P (2693)-Ponomariov,R (2726) Kharkov 2009 ½-½ (55)}) ({RR} 10... Re8 11. Rac1 Nf8 12. Ne5 N6d7 13. Bxe7 Qxe7 14. Nxd7 Nxd7 15. e4 dxe4 16. Nxe4 Nf6 17. Ng5 h6 18. Nf3 Be6 19. Bc4 Bxc4 20. Qxc4 Rad8 21. Qb3 Nd5 22. Rfe1 Qd7 23. Ne5 Qc8 24. Re4 f6 25. Rce1 {Andreikin,D (2729)-Papasimakopoulos,A (2402) chess.com INT 2024 0-1 (66)}) 11. Bf4 ({RR} 11. Bxe7 Qxe7 12. e4 dxe4 13. Nxe4 Ndf6 14. Nc5 Nd6 15. Rfe1 Qc7 16. Ne5 Re8 17. Rac1 Nd5 18. a3 f6 19. Nc4 Rxe1+ 20. Rxe1 Nb5 21. Ne3 Qe7 22. Bc4 Nbc7 23. Bxd5+ Nxd5 24. Nd3 Qf7 25. Nxd5 cxd5 {Morozov,N (2429)-Sekerci,B (1718) Konya 2018 1-0 (35)}) 11... Bd6 12. Qc2 $146 g6 13. Bg5 Be7 14. Bh6 Ng7 15. Rae1 Re8 16. Kh1 a5 17. Ng1 Nf6 18. f3 b5 19. e4 dxe4 20. fxe4 Ng4 21. Bxg7 Kxg7 22. Nf3 Bg5 23. Nd1 Bd7 24. h3 Nh6 25. Qf2 Bf4 26. Nc3 Bc7 27. e5 Bf5 28. Bxf5 Nxf5 29. g4 Nh6 30. Ne4 Ng8 31. Nfg5 Re7 32. Qxf7+ Kh8 33. Qxe7 Qxe7 34. Rf7 Bb6 35. Rxe7 Nxe7 36. Rf1 Nd5 37. Rf7 Bxd4 38. Nf6 Nxf6 39. exf6 Bxf6 40. Rxf6 Re8 41. Re6 Rc8 42. Re7 Kg8 43. Nxh7 c5 44. Nf6+ Kf8 45. Re5 Kf7 46. Ne4 Rd8 47. Rxc5 Rd4 48. Ng5+ Kf6 49. Rxb5 1-0

[Event "45th Olympiad Budapest 2024"]
[Site "Budapest"]
[Date "2024.09.20"]
[Round "9.2"]
[White "Kozusek, Daniel"]
[Black "Hernandez Guerrero, Gilberto"]
[Result "1/2-1/2"]
[WhiteElo "2367"]
[BlackElo "2482"]
[PlyCount "60"]
[EventDate "2024.09.11"]
[EventType "team"]
[EventRounds "11"]
[EventCountry "HUN"]
[WhiteTeam "Wales"]
[BlackTeam "Mexico"]
[WhiteTeamCountry "WLS"]
[BlackTeamCountry "MEX"]

1. d4 Nf6 2. Nc3 d5 3. Bf4 c5 4. e4 Nxe4 5. Nxe4 dxe4 6. dxc5 Qa5+ 7. c3 Qxc5 8. Qa4+ Nc6 9. Qxe4 Bf5 10. Qa4 e5 11. Be3 Qa5 12. Qxa5 Nxa5 13. Bb5+ Bd7 14. Bxd7+ Kxd7 15. O-O-O+ Kc7 ({RR} 15... Ke6 16. f4 f6 17. fxe5 fxe5 18. Nf3 Be7 19. Rhe1 Nc6 20. b4 a6 21. Bf4 Bf6 22. Nd4+ Nxd4 23. cxd4 Rac8+ 24. Kb2 Rc4 25. Bxe5 Rhc8 26. d5+ Kd7 27. Bxf6 gxf6 28. d6 Rxb4+ 29. Ka1 Re8 30. Rxe8 {Demin,V (2430)-Halkias,S (2508) chess.com INT 2024 ½-½ (58)}) 16. Rd5 $146 ({RR} 16. Nf3 f6 17. Nd2 Be7 18. f4 Rad8 19. fxe5 fxe5 20. Rhe1 Nc6 21. Kc2 b5 22. Re2 Rhf8 23. Rde1 Bh4 24. g3 Be7 25. Ne4 h6 26. Nc5 Bxc5 27. Bxc5 Rf3 28. Re4 Rd5 29. Be3 h5 30. Re2 a6 {Bortnyk,O (2605)-Amin,B (2688) chess.com INT 2023 1-0 (46)}) ({RR} 16. Nf3 Bd6 17. Rd5 Nc6 18. Rhd1 Rad8 19. Ng5 Be7 20. Nxf7 Rxd5 21. Rxd5 Rf8 22. Nxe5 Nxe5 23. Rxe5 Bd6 24. Rh5 h6 25. g3 a6 26. Kc2 b5 27. Rd5 Kc6 28. Rd2 h5 29. h4 g6 30. Kb3 Re8 {Tulchynskyi,F (2228)-Kheerthi,G (2030) chess.com INT 2023 1-0 (71)}) 16... Nc4 17. Nf3 Nxe3 18. fxe3 f6 19. Rhd1 Re8 20. Rd7+ Kc8 21. e4 Rg8 22. Nh4 Bc5 23. Kc2 Rd8 24. Rxd8+ Rxd8 25. Rxd8+ Kxd8 26. Kb3 Kd7 27. Kc4 Bf2 28. Nf3 Ke6 29. g4 g6 30. Kd3 a6 1/2-1/2

[Event "45th Olympiad Budapest 2024"]
[Site "Budapest"]
[Date "2024.09.20"]
[Round "9.3"]
[White "Cori Quispe, Kevin Joel"]
[Black "Toczek, Grzegorz"]
[Result "1-0"]
[WhiteElo "2461"]
[BlackElo "2301"]
[PlyCount "87"]
[EventDate "2024.09.11"]
[EventType "team"]
[EventRounds "11"]
[EventCountry "HUN"]
[WhiteTeam "Mexico"]
[BlackTeam "Wales"]
[WhiteTeamCountry "MEX"]
[BlackTeamCountry "WLS"]

1. e4 e5 2. Nf3 Nc6 3. Bb5 a6 4. Ba4 b5 5. Bb3 Na5 6. d4 exd4 7. Qxd4 Bb7 8. O-O ({RR} 8. Nc3 d6 9. Bg5 Ne7 10. Nd5 Rg8 11. c4 f6 12. Bd2 c5 13. Qc3 Nxc4 14. Bxc4 bxc4 15. O-O-O Nxd5 16. exd5 Kf7 17. Qxc4 Qd7 18. g4 Re8 19. Bc3 h5 20. Rhg1 g5 21. gxh5 Qf5 22. Rd3 g4 {Puranik,A (2618)-Carlsen,M (2839) Doha QAT 2023 ½-½ (58)}) ({RR} 8. c4 Qf6 9. cxb5 Qxd4 10. Nxd4 Bc5 11. Be3 Nf6 12. f3 axb5 13. Nd2 d5 14. exd5 Bxd5 15. Kf2 O-O-O 16. Rhc1 Bc4 17. Bxc4 bxc4 18. N2b3 Nxb3 19. axb3 Rxd4 20. Bxd4 Bxd4+ 21. Kg3 Kb7 22. bxc4 h5 {Bandara,D (1873)-Subhayan,K (2349) Colombo SRI 2024 0-1 (75)}) 8... d6 9. Bg5 f6 $146 ({RR} 9... Ne7 10. Qc3 Nxb3 11. axb3 Qd7 12. Nbd2 h6 13. Bxe7 Bxe7 14. Qxg7 O-O-O 15. Kh1 f5 16. exf5 Rdg8 17. Qf7 Rf8 18. Qe6 Rxf5 19. Qxd7+ Kxd7 20. Rae1 Bf6 21. c3 Rg8 22. b4 Rf4 23. Re3 c5 24. bxc5 {Abdurakhmanov,M (2249)-Nesterov,A (2479) Chess.com INT 2021 0-1 (47)}) 10. Bxg8 Rxg8 11. Bh4 Qd7 12. Nc3 Nc6 13. Qd2 Ne5 14. Nd4 Qf7 15. f4 Nc4 16. Qe2 c5 17. Nf5 O-O-O 18. a4 b4 19. Nd5 Bxd5 20. exd5 Qxd5 21. Rad1 Qf7 22. b3 g6 23. Ng3 Re8 24. Qxc4 Qxc4 25. bxc4 g5 26. Nh5 gxh4 27. Nxf6 Be7 28. Nxe8 Rxe8 29. Rde1 Kd7 30. f5 Rf8 31. Re6 Bf6 32. Rf3 a5 33. Kf1 d5 34. cxd5 c4 35. Rc6 c3 36. Ke2 Be5 37. f6 Bxh2 38. f7 Bd6 39. Kd3 Be7 40. Ra6 Rc8 41. Ra7+ Kd6 42. Rxe7 Kxe7 43. f8=Q+ Rxf8 44. d6+ 1-0

[Event "45th Olympiad Budapest 2024"]
[Site "Budapest"]
[Date "2024.09.20"]
[Round "9.4"]
[White "Bullen, Alex"]
[Black "Ibarra Chami, Luis Fernando"]
[Result "0-1"]
[WhiteElo "2155"]
[BlackElo "2427"]
[PlyCount "54"]
[EventDate "2024.09.11"]
[EventType "team"]
[EventRounds "11"]
[EventCountry "HUN"]
[WhiteTeam "Wales"]
[BlackTeam "Mexico"]
[WhiteTeamCountry "WLS"]
[BlackTeamCountry "MEX"]

1. Nf3 d5 2. e3 Nf6 3. c4 e6 4. Nc3 a6 5. b3 c5 6. Bb2 ({RR} 6. cxd5 exd5 7. d4 cxd4 8. Nxd4 Bb4 9. Bd2 O-O 10. Bd3 Bg4 11. f3 Bh5 12. Nce2 Bd6 13. O-O Nc6 14. Rc1 Nxd4 15. Nxd4 Re8 16. Re1 Ne4 17. Re2 Nxd2 18. Qxd2 Qh4 19. g3 Qf6 20. Rf2 Bg6 {Nakamura,H (2768)-Andreikin,D (2729) Chess.com INT 2022 0-1 (39)}) ({RR} 6. cxd5 exd5 7. d3 Nc6 8. Be2 d4 9. Ne4 Nd5 10. exd4 cxd4 11. O-O Be7 12. Bb2 Nf4 13. Qd2 Ne6 14. Rfc1 O-O 15. a3 a5 16. Rc4 f5 17. Ng3 g6 18. Bd1 Qd6 19. Rac1 Bd7 20. Ne2 Bf6 {Ibarra Chami,L (2447)-Pichot,A (2621) Chess.com INT 2020 1-0 (66)}) 6... Be7 ({RR} 6... Nc6 7. cxd5 exd5 8. d4 cxd4 9. Nxd4 Bc5 10. Nxc6 bxc6 11. Be2 O-O 12. O-O Bd6 13. Bf3 Bf5 14. Ne2 Be4 15. Ng3 Bg6 16. Rc1 Rc8 17. Be2 Qa5 18. f4 Ne4 19. f5 Bxg3 20. hxg3 Nxg3 21. fxg6 {Wartiovaara,O (2300)-Rakotomaharavo,D (2078) Budapest HUN 2024 ½-½ (53)}) 7. cxd5 exd5 8. d4 Nc6 $146 ({RR} 8... cxd4 9. Nxd4 Nc6 10. Be2 O-O 11. O-O Nxd4 12. Qxd4 Be6 13. Bf3 Qd7 14. Rfd1 Rfd8 15. Na4 Qd6 16. Rac1 Rac8 17. Qb6 Qxb6 18. Nxb6 Rc6 19. Rxc6 bxc6 20. Rc1 c5 21. Rd1 c4 22. Bxf6 Bxf6 23. Nxd5 {Ponomariov,R (2631)-Abrahamyan,T (2358) Chess.com INT 2020 0-1}) 9. Be2 O-O 10. O-O Re8 11. Rc1 cxd4 12. Nxd4 Bd6 13. Nxc6 bxc6 14. Na4 Ne4 15. f4 Bd7 16. Qd4 Bf8 17. Bf3 Rb8 18. Bxe4 Rxe4 19. Qc3 Qe7 20. Rf3 Re8 21. Rg3 d4 22. exd4 Rxf4 23. d5 f6 24. dxc6 Bxc6 25. Nc5 Qxc5+ 26. Qxc5 Bxc5+ 27. Kh1 Re2 0-1

[Event "45th Olympiad Budapest 2024"]
[Site "Budapest"]
[Date "2024.09.20"]
[Round "9.1"]
[White "Santos Flores, Alberto"]
[Black "Cori, Jorge"]
[Result "0-1"]
[WhiteElo "2168"]
[BlackElo "2609"]
[PlyCount "102"]
[EventDate "2024.09.11"]
[EventType "team"]
[EventRounds "11"]
[EventCountry "HUN"]
[WhiteTeam "Ecuador"]
[BlackTeam "Peru"]
[WhiteTeamCountry "ECU"]
[BlackTeamCountry "PER"]

1. d4 Nf6 2. c4 e6 3. Nf3 d5 4. Nc3 c6 5. e3 Nbd7 6. Bd3 Bd6 7. O-O O-O 8. e4 dxc4 9. Bxc4 e5 10. dxe5 Nxe5 11. Nxe5 Bxe5 12. Qxd8 Rxd8 13. Re1 b5 14. Bb3 a5 $146 ({RR} 14... a6 15. f4 Bd4+ 16. Be3 Bxc3 17. bxc3 Nxe4 18. Bb6 Re8 19. Re3 Bf5 20. Rae1 Nf6 21. Re5 g6 22. Bd4 Rxe5 23. Rxe5 Nd7 24. Re7 Rf8 25. h3 h5 26. Bd1 c5 27. g4 hxg4 28. hxg4 Be6 29. Bf2 {Ibar,M (2114)-Pereyra,J (1899) Buenos Aires 2019 ½-½ (49)}) 15. a3 Rd3 16. Rd1 Rxd1+ 17. Bxd1 Be6 18. Bf3 Rd8 19. Be3 Bb3 20. Bb6 Rd2 21. Bxa5 Rxb2 22. Rc1 g5 23. h3 h5 24. Bd8 Bc4 25. Nd1 Ra2 26. Ne3 Bd3 27. Bxf6 Bxf6 28. Rxc6 Be5 29. g3 Rxa3 30. Nd5 Ra1+ 31. Kg2 h4 32. Ne7+ Kh7 33. Nf5 b4 34. Rb6 Rb1 35. Rb7 b3 36. Rxf7+ Kg6 37. Rb7 b2 38. Ne7+ Kf6 39. Nd5+ Ke6 40. Rb6+ Kf7 41. Rb7+ Ke6 42. Rb6+ Kd7 43. Bg4+ Kd8 44. Bf5 Re1 45. Nb4 Bf1+ 46. Kf3 Be2+ 47. Kg2 Rg1+ 48. Kh2 hxg3+ 49. fxg3 Bxg3+ 50. Kxg1 b1=Q+ 51. Kg2 Qf1+ 0-1

[Event "45th Olympiad Budapest 2024"]
[Site "Budapest"]
[Date "2024.09.20"]
[Round "9.2"]
[White "Leiva, Gianmarco"]
[Black "Noboa Silva, Kevin"]
[Result "1/2-1/2"]
[WhiteElo "2389"]
[BlackElo "2270"]
[PlyCount "93"]
[EventDate "2024.09.11"]
[EventType "team"]
[EventRounds "11"]
[EventCountry "HUN"]
[WhiteTeam "Peru"]
[BlackTeam "Ecuador"]
[WhiteTeamCountry "PER"]
[BlackTeamCountry "ECU"]

1. e4 e6 2. d4 d5 3. Nc3 dxe4 4. Nxe4 Nd7 5. Be3 Ngf6 6. Nxf6+ Nxf6 7. Qd2 b6 8. Bb5+ $146 ({RR} 8. Nf3 Bb7 9. Ne5 a6 10. f3 Bd6 11. Nc4 Be7 12. O-O-O Nd5 13. Kb1 c5 14. Be2 Nxe3 15. Qxe3 cxd4 16. Rxd4 Qc7 17. Rg4 b5 18. Nd2 Rc8 19. Bd3 Bf6 20. Ne4 Bxe4 21. Qxe4 Qe5 22. Qxe5 Bxe5 {Hatuk,N (1671)-Rekhviashvili,M (1542) Prague CZE 2024 ½-½ (94)}) ({RR} 8. O-O-O Bb7 9. f3 Be7 10. Kb1 O-O 11. Ne2 a5 12. Nc1 a4 13. a3 Qc8 14. Na2 c5 15. dxc5 bxc5 16. Bc4 Bd5 17. Bxd5 exd5 18. Bg5 Rb8 19. Nc3 d4 20. Bxf6 Bxf6 21. Ne4 Be7 22. c4 Qb7 {Playa,M (2376)-Toropov,P (2308) chess.com INT 2024 0-1 (38)}) 8... Bd7 9. Bxd7+ Qxd7 10. Nf3 Bd6 11. O-O-O O-O-O 12. Kb1 Qb5 13. Rhe1 Nd5 14. c3 h6 15. Qc2 Qc6 16. Bd2 b5 17. Qe4 Ne7 18. Bf4 Qxe4+ 19. Rxe4 Ng6 20. Bxd6 Rxd6 21. Ne5 Nxe5 22. Rxe5 c6 23. a4 a6 24. Kc2 Rhd8 25. Rde1 Rd5 26. Kb3 Kc7 27. h4 Kb6 28. axb5 cxb5 29. f4 h5 30. f5 exf5 31. Rxd5 Rxd5 32. Re7 Rd6 33. Rxf7 g6 34. g3 Re6 35. Kc2 Re2+ 36. Kc1 Rg2 37. Rf6+ Kb7 38. Rxg6 f4 39. Kb1 Rxg3 40. Rf6 Rg4 41. Kc2 Rxh4 42. Kd3 Rh2 43. Rxf4 Rxb2 44. Rf7+ Kb6 45. Rf6+ Kb7 46. Rf7+ Kb6 47. Rf6+ 1/2-1/2

[Event "45th Olympiad Budapest 2024"]
[Site "Budapest"]
[Date "2024.09.20"]
[Round "9.3"]
[White "Mieles Palau, Daniel"]
[Black "Fernandez Sanchez, Fernando Miguel"]
[Result "1/2-1/2"]
[WhiteElo "2321"]
[BlackElo "2399"]
[PlyCount "69"]
[EventDate "2024.09.11"]
[EventType "team"]
[EventRounds "11"]
[EventCountry "HUN"]
[WhiteTeam "Ecuador"]
[BlackTeam "Peru"]
[WhiteTeamCountry "ECU"]
[BlackTeamCountry "PER"]

1. Nf3 d5 2. e3 Nf6 3. c4 c6 4. Nc3 e6 5. b3 Bd6 6. Bb2 O-O 7. d4 Nbd7 8. Bd3 b6 9. O-O Bb7 10. Qe2 Qe7 11. e4 dxe4 12. Nxe4 Nxe4 13. Qxe4 f5 ({RR} 13... Nf6 14. Qh4 Ba3 15. Bxa3 Qxa3 16. Ne5 Rfd8 17. Ng4 Nxg4 18. Bxh7+ Kh8 19. Bg6+ Nh6 20. Bxf7 Qd6 21. Rad1 c5 22. Rfe1 Qc7 23. Bxe6 cxd4 24. Rxd4 Rxd4 25. Qxd4 Re8 26. Re3 Rd8 27. Qa1 Qd6 28. f3 {Anton Guijarro,D (2674)-Robson,R (2670) chess24.com INT 2020 0-1}) 14. Qe2 c5 15. dxc5 $146 ({RR} 15. Rfe1 Rae8 16. Rad1 h6 17. Bb1 cxd4 18. Nxd4 Be5 19. Nb5 Bxb2 20. Qxb2 Nc5 21. f3 Rd8 22. Nd4 Qf6 23. Qf2 e5 24. Nxf5 e4 25. Rxd8 Rxd8 26. fxe4 Nxe4 27. Bxe4 Bxe4 28. Nxh6+ Qxh6 29. Rxe4 Qc1+ {Srihari,L (2503)-Sahin,S (2087) chess.com INT 2024 1-0 (33)}) 15... Nxc5 16. Bc2 Rad8 17. Rad1 Ne4 18. Bxe4 fxe4 19. Nd4 Qh4 20. h3 Qf4 21. g3 Qh6 22. h4 Bc5 23. Bc1 Qg6 24. Be3 h6 25. h5 Qf7 26. Qg4 Kh8 27. Qg6 Bxd4 28. Bxd4 Qxg6 29. hxg6 e3 30. fxe3 Kg8 31. Rxf8+ Rxf8 32. Rf1 Rxf1+ 33. Kxf1 Be4 34. c5 bxc5 35. Bxc5 1/2-1/2